[Event "Australian Reserves"]
[Site "Adelaide"]
[Date "2004.01.02"]
[Round "4.8"]
[White "Guthrie, Aaron"]
[Black "Stevens, Tristan"]
[Result "1/2-1/2"]
[WhiteElo "1927"]
[BlackElo "1706"]
[PlyCount "111"]
[EventDate "2003.12.29"]
[EventType "swiss"]
[EventRounds "11"]
[EventCountry "AUS"]

1. e4 d5 2. exd5 Nf6 3. Bb5+ Bd7 4. Be2 e6 5. dxe6 Bxe6 6. Nf3 Nc6 7. O-O Qd7
8. d4 O-O-O 9. c4 Nxd4 10. Nxd4 Qxd4 11. Qxd4 Rxd4 12. Be3 Rd8 13. f3 Bd6 14.
Nc3 a6 15. c5 Be5 16. c6 Bd5 17. Nxd5 Nxd5 18. Bf2 Nf4 19. cxb7+ Kxb7 20. Bc4
Rd2 21. g3 Nd3 22. Be3 Re2 23. Bxd3 Rxe3 24. Be4+ c6 25. Rfe1 Bxb2 26. Rab1
Rxe1+ 27. Rxe1 Rd8 28. Bxh7 Bd4+ 29. Kg2 Bc5 30. Rc1 Rd2+ 31. Kh3 Kb6 32. Rc2
Rxc2 33. Bxc2 Ba3 34. Bb3 f6 35. Kg2 Kb5 36. Kf2 Kb4 37. Ke2 Kc3 38. Kd1 c5 39.
Bd5 a5 40. g4 c4 41. Be6 g5 42. Bf7 Kd3 43. Bg6+ Ke3 44. Be4 Bd6 45. Kc2 Be5
46. Bd5 c3 47. Bc6 Kd4 48. Be4 Bxh2 49. Bf5 Be5 50. Be4 Ke3 51. Bc6 Kf4 52. Bd5
a4 53. Bc6 Bd4 54. Bxa4 Kxf3 55. Bd7 Ke4 56. Bf5+ 1/2-1/2

[Event "Australian Reserves"]
[Site "Adelaide"]
[Date "2004.01.02"]
[Round "4.9"]
[White "Peters, Duncan"]
[Black "Davis, Tony J"]
[Result "1-0"]
[WhiteElo "1887"]
[BlackElo "1748"]
[PlyCount "47"]
[EventDate "2003.12.29"]
[EventType "swiss"]
[EventRounds "11"]
[EventCountry "AUS"]

1. e4 e5 2. Nc3 Nc6 3. f4 exf4 4. Nf3 d6 5. d4 g5 6. Bc4 g4 7. O-O gxf3 8. Qxf3
Qf6 9. e5 dxe5 10. dxe5 Bc5+ 11. Kh1 Nxe5 12. Qe4 Ne7 13. Rxf4 Bf5 14. Nd5 Qd6
15. Rxf5 Nxc4 16. Bg5 O-O-O 17. Nxe7+ Kb8 18. Qxc4 Bb6 19. Raf1 h6 20. Bf6 Rhe8
21. Qxf7 Rf8 22. Qg7 Bd4 23. Bxd4 Rxf5 24. Nxf5 1-0

[Event "Australian Reserves"]
[Site "Adelaide"]
[Date "2004.01.02"]
[Round "4.10"]
[White "Flitney, Adrian"]
[Black "Lindberg, Gordon"]
[Result "1-0"]
[WhiteElo "1876"]
[BlackElo "1690"]
[PlyCount "83"]
[EventDate "2003.12.29"]
[EventType "swiss"]
[EventRounds "11"]
[EventCountry "AUS"]

1. e4 e6 2. d4 d5 3. e5 c5 4. c3 Nc6 5. Nf3 Qb6 6. Bd3 cxd4 7. O-O Be7 8. cxd4
Bd7 9. Nc3 Nxd4 10. Nxd4 Qxd4 11. Nb5 Qxe5 12. Re1 Qb8 13. Qf3 Bd6 14. Qxd5
Bxh2+ 15. Kh1 Nf6 16. Qd4 a6 17. Nc3 Qd6 18. Qe3 Ng4 19. Qf3 Ne5 20. Qxb7 Bc6
21. Bb5 axb5 22. Nxb5 Qc5 23. Nc7+ Kf8 24. Be3 Qa5 25. b4 Bxb7 26. bxa5 Rxa5
27. Reb1 Nd7 28. Rxb7 Rh5 29. g4 Be5+ 30. gxh5 Bxa1 31. Nxe6+ Ke7 32. Ng5 f6
33. Bc5+ Ke8 34. Ne6 Nxc5 35. Nxc5 Rf8 36. Rxg7 Rf7 37. Rxf7 Kxf7 38. Kg2 Kg7
39. Kf3 f5 40. a4 Be5 41. a5 Bd6 42. Nd7 1-0

[Event "Australian Reserves"]
[Site "Adelaide"]
[Date "2004.01.02"]
[Round "4.11"]
[White "Djelaj, Pasko"]
[Black "Silas, Frank"]
[Result "0-1"]
[WhiteElo "1738"]
[BlackElo "1843"]
[PlyCount "80"]
[EventDate "2003.12.29"]
[EventType "swiss"]
[EventRounds "11"]
[EventCountry "AUS"]

1. d4 d5 2. Nf3 g6 3. c4 c6 4. Nc3 Bg7 5. e3 Nf6 6. Bd3 O-O 7. O-O a6 8. a4 Be6
9. b3 Nbd7 10. Ba3 Re8 11. h3 h6 12. Re1 a5 13. Rc1 Rc8 14. Kh1 Nf8 15. Bf1
N8h7 16. Ne2 Ne4 17. Kg1 Nhg5 18. Nh2 dxc4 19. bxc4 Rc7 20. Nf4 Bc8 21. Bd3 Rd7
22. h4 e5 23. Ne2 Nxf2 24. Kxf2 exd4 25. e4 Nxe4+ 26. Bxe4 Rxe4 27. Ng3 d3 28.
Nf3 Rxe1 29. Kxe1 d2+ 30. Nxd2 Rd3 31. Qe2 Rxa3 32. Nf3 Bg4 33. Rd1 Qb8 34. Nh1
c5 35. Kf1 Bd4 36. Nf2 Bxf3 37. gxf3 Qg3 38. h5 Rxf3 39. Rxd4 cxd4 40. hxg6
Rxf2+ 0-1

[Event "Australian Reserves"]
[Site "Adelaide"]
[Date "2004.01.02"]
[Round "4.12"]
[White "Holt, Kenneth P"]
[Black "Antoniazzi, Francesco"]
[Result "1-0"]
[WhiteElo "1835"]
[BlackElo "1665"]
[PlyCount "103"]
[EventDate "2003.12.29"]
[EventType "swiss"]
[EventRounds "11"]
[EventCountry "AUS"]

1. d4 d5 2. c4 c6 3. Nf3 Nf6 4. Nc3 dxc4 5. a4 Bf5 6. e3 e6 7. Bxc4 Bb4 8. O-O
O-O 9. Qb3 Qb6 10. h3 Nbd7 11. Nh4 Bxc3 12. Qxc3 Be4 13. f4 Nd5 14. Qd2 Qb4 15.
b3 N7b6 16. Qxb4 Nxb4 17. Ba3 Nc2 18. Bxf8 Nxa1 19. Rxa1 Rxf8 20. Nf3 Rc8 21.
Nd2 Bd5 22. Bd3 f5 23. Rc1 c5 24. Rxc5 Rxc5 25. dxc5 Nd7 26. b4 Kf8 27. e4 fxe4
28. Bxe4 Nf6 29. Bd3 Ke7 30. Kf2 Kd7 31. g4 h6 32. g5 hxg5 33. fxg5 Ng8 34. h4
Ne7 35. h5 Ke8 36. Nc4 Nf5 37. Bxf5 exf5 38. Nd6+ Ke7 39. Nxf5+ Kf7 40. Ke3 b6
41. cxb6 axb6 42. a5 bxa5 43. bxa5 Ba8 44. Kf4 Bg2 45. Ke5 Bf3 46. h6 gxh6 47.
Nxh6+ Kg6 48. Kf4 Ba8 49. a6 Bg2 50. Ng4 Bd5 51. Ne3 Ba8 52. Nc4 1-0

[Event "Australian Reserves"]
[Site "Adelaide"]
[Date "2004.01.02"]
[Round "4.17"]
[White "Oks, Oliver"]
[Black "Ghobrial, Adel"]
[Result "0-1"]
[WhiteElo "1799"]
[BlackElo "1570"]
[PlyCount "36"]
[EventDate "2003.12.29"]
[EventType "swiss"]
[EventRounds "11"]
[EventCountry "AUS"]

1. e4 c5 2. Nf3 Nc6 3. d4 cxd4 4. Nxd4 e5 5. Nb5 d6 6. c4 a6 7. N5c3 Nf6 8. Be2
Be7 9. Be3 O-O 10. Na4 Nxe4 11. Nb6 Rb8 12. Qc2 Bf5 13. Bg4 Nb4 14. Qb3 Bxg4
15. f3 Nc5 16. Bxc5 dxc5 17. fxg4 Qxb6 18. a3 Qa5 0-1

[Event "Australian Reserves"]
[Site "Adelaide"]
[Date "2004.01.02"]
[Round "4.18"]
[White "Kordahi, Nicholas"]
[Black "Hoholis, Harry"]
[Result "1/2-1/2"]
[WhiteElo "1728"]
[BlackElo "1606"]
[PlyCount "144"]
[EventDate "2003.12.29"]
[EventType "swiss"]
[EventRounds "11"]
[EventCountry "AUS"]

1. e4 e5 2. Nf3 Nc6 3. Bb5 a6 4. Ba4 Nf6 5. O-O b5 6. Bb3 Be7 7. Re1 d6 8. c3
Bg4 9. h3 Bxf3 10. Qxf3 Na5 11. Bc2 c5 12. d3 O-O 13. Nd2 Nd7 14. Nf1 Bg5 15.
Ne3 Bxe3 16. Bxe3 Qf6 17. Qxf6 Nxf6 18. Rad1 Rac8 19. Bb1 Nc6 20. f4 exf4 21.
Bxf4 Rcd8 22. d4 cxd4 23. cxd4 d5 24. Bg5 dxe4 25. Bxf6 gxf6 26. Rxe4 Rd5 27.
Rf4 Rfd8 28. Rxf6 Nxd4 29. Rdf1 Ne2+ 30. Kh2 Rd1 31. R1f2 Rxb1 32. Rxe2 Rbd1
33. Rxa6 R1d2 34. Rxd2 Rxd2 35. b3 Kf8 36. Ra5 Ke7 37. Ra6 h5 38. Kg3 h4+ 39.
Kf3 Rd3+ 40. Ke2 Rg3 41. Kf2 f6 42. Ra5 Rc3 43. Rxb5 Rc2+ 44. Kf3 Rxa2 45. Rb4
Rb2 46. Re4+ Kf7 47. b4 Rb3+ 48. Kf2 Rb2+ 49. Kg1 f5 50. Rxh4 Kf6 51. Rc4 Kg5
52. Kh2 f4 53. Kg1 Kf5 54. Kf1 Kg5 55. Kg1 Kf5 56. Rc5+ Ke4 57. b5 f3 58. gxf3+
Kxf3 59. Rc3+ Kf4 60. Rc5 Kf3 61. h4 Kg3 62. Kf1 Kxh4 63. Ke1 Kg4 64. Kd1 Kf4
65. Kc1 Rb4 66. Kc2 Ke4 67. Kc3 Rb1 68. Rc4+ Kd5 69. Rb4 Rc1+ 70. Kb2 Rc7 71.
Ka3 Kc5 72. Rb1 Ra7+ 1/2-1/2

[Event "Australian Reserves"]
[Site "Adelaide"]
[Date "2004.01.02"]
[Round "4.19"]
[White "Pleskot, Sylvia"]
[Black "Stokes, Mark C"]
[Result "1-0"]
[WhiteElo "1726"]
[BlackElo "1530"]
[PlyCount "55"]
[EventDate "2003.12.29"]
[EventType "swiss"]
[EventRounds "11"]
[EventCountry "AUS"]

1. d4 Nf6 2. c4 e5 3. dxe5 Ng4 4. Bf4 Bb4+ 5. Nd2 Nc6 6. Ngf3 Qe7 7. e3 Ngxe5
8. Nxe5 Nxe5 9. a3 Bxd2+ 10. Qxd2 a5 11. Be2 O-O 12. O-O d6 13. Rac1 b6 14. Qd5
Rb8 15. c5 bxc5 16. Bxe5 Bb7 17. Bxd6 cxd6 18. Qd2 Qg5 19. g3 Qe7 20. Rc4 Rfe8
21. Re1 Qf6 22. Rf4 Qe5 23. Rd1 d5 24. Bf3 Red8 25. Qxa5 c4 26. Rxc4 Qxb2 27.
Qc3 dxc4 28. Qxb2 {rest of scoresheet doesn't seem to make sense} 1-0

[Event "Australian Reserves"]
[Site "Adelaide"]
[Date "2004.01.02"]
[Round "4.20"]
[White "Lindberg, Douglas"]
[Black "Peake, Michael"]
[Result "1-0"]
[WhiteElo "1620"]
[BlackElo "1467"]
[PlyCount "53"]
[EventDate "2003.12.29"]
[EventType "swiss"]
[EventRounds "11"]
[EventCountry "AUS"]

1. e4 e5 2. f4 exf4 3. Bc4 d6 4. Nf3 Be6 5. Qe2 c6 6. Nc3 Nd7 7. d4 Bxc4 8.
Qxc4 Nb6 9. Qe2 Qd7 10. Bxf4 O-O-O 11. O-O Ne7 12. a4 Ng6 13. Bg3 h5 14. a5 Na8
15. h3 Be7 16. Qc4 d5 17. exd5 Bd6 18. Bxd6 Qxd6 19. dxc6 bxc6 20. Nb5 Qd7 21.
Ra3 a6 22. Nc3 Nc7 23. Na4 Qe6 24. Qc5 Rd5 25. Nb6+ Kd8 26. Nxd5 Nxd5 27. Ng5
1-0

[Event "Australian Reserves"]
[Site "Adelaide"]
[Date "2004.01.02"]
[Round "4.21"]
[White "McColl, Kevin"]
[Black "Campbell, Paul"]
[Result "1-0"]
[WhiteElo "1881"]
[BlackElo "1282"]
[PlyCount "69"]
[EventDate "2003.12.29"]
[EventType "swiss"]
[EventRounds "11"]
[EventCountry "AUS"]

1. e4 e5 2. Nf3 Nc6 3. d4 exd4 4. Bc4 Bb4+ 5. c3 dxc3 6. O-O Nge7 7. a3 c2 8.
Qxc2 Bc5 9. Bxf7+ Kxf7 10. Qxc5 d6 11. Qh5+ g6 12. Qh6 Qf8 13. Qd2 Qg7 14. Ng5+
Ke8 15. Nc3 Qd4 16. Qe2 h5 17. Nb5 Qe5 18. Nxc7+ Kf8 19. Qf3+ Nf5 20. exf5 Bxf5
21. Bf4 Qxb2 22. Bxd6+ Kg7 23. Nxa8 Rxa8 24. Rfe1 Kh6 25. Nf7+ Kg7 26. Ne5 Re8
27. Nxc6 bxc6 28. Qxc6 Re6 29. Qd7+ Kh6 30. Bf4+ g5 31. Rxe6+ Bxe6 32. Qxe6+
Kh7 33. Qf5+ Kg8 34. Rb1 Qxa3 35. Qg6+ 1-0

[Event "Australian Reserves"]
[Site "Adelaide"]
[Date "2004.01.02"]
[Round "4.22"]
[White "Krstic, Slobodan"]
[Black "Beckman, John"]
[Result "1-0"]
[WhiteElo "1992"]
[BlackElo "1563"]
[PlyCount "45"]
[EventDate "2003.12.29"]
[EventType "swiss"]
[EventRounds "11"]
[EventCountry "AUS"]

1. e4 c5 2. Nf3 Nc6 3. b4 Nxb4 4. c3 Nc6 5. d4 d6 6. Nbd2 e5 7. d5 Nb8 8. a4
Nf6 9. Bd3 Be7 10. O-O O-O 11. Nc4 h6 12. a5 Nbd7 13. Nh4 Nxd5 14. Nf5 Nf4 15.
Bxf4 exf4 16. Qg4 g5 17. Nxh6+ Kg7 18. Nf5+ Kg8 19. e5 Nxe5 20. Nxe5 dxe5 21.
Qh5 Bxf5 22. Bxf5 Re8 23. Qh7+ 1-0

[Event "Australian Reserves"]
[Site "Adelaide"]
[Date "2004.01.02"]
[Round "4.13"]
[White "Ly, Moulthun"]
[Black "Pengelley, Justin"]
[Result "1-0"]
[WhiteElo "1646"]
[BlackElo "1834"]
[PlyCount "53"]
[EventDate "2003.12.29"]
[EventType "swiss"]
[EventRounds "11"]
[EventCountry "AUS"]

1. d4 d5 2. e4 dxe4 3. Nc3 Nf6 4. f3 exf3 5. Nxf3 Bg4 6. h3 Bh5 7. g4 Bg6 8.
Bg2 e6 9. Ne5 Nd5 10. O-O c6 11. Qf3 Qc7 12. Nxg6 hxg6 13. Ne4 f6 14. c4 Nb6
15. Nxf6+ gxf6 16. Qxf6 Qg7 17. Qxe6+ Be7 18. Bg5 Qxd4+ 19. Kh1 Qd6 20. Qf7+
Kd7 21. Rad1 Nd5 22. cxd5 c5 23. Rf6 Qe5 24. d6 Qe2 25. Qxe7+ Qxe7 26. dxe7+
Kc7 27. Bf4+ 1-0

[Event "Australian Reserves"]
[Site "Adelaide"]
[Date "2004.01.02"]
[Round "4.24"]
[White "Davidson, Nathan P"]
[Black "Murray, Russell"]
[Result "0-1"]
[WhiteElo "1532"]
[BlackElo "1727"]
[PlyCount "202"]
[EventDate "2003.12.29"]
[EventType "swiss"]
[EventRounds "11"]
[EventCountry "AUS"]

1. c4 Nf6 2. Nc3 c6 3. g3 d5 4. cxd5 cxd5 5. d4 Nc6 6. Bg2 e6 7. Nf3 Be7 8. O-O
O-O 9. Bg5 h6 10. Bxf6 Bxf6 11. e3 Bd7 12. Rc1 Qa5 13. Nd2 b6 14. Nb3 Qa6 15.
Re1 Rac8 16. e4 dxe4 17. Nxe4 Be7 18. Bf1 Qb7 19. a3 Rfd8 20. Qh5 Bf8 21. Qe2
Nb8 22. Bg2 Bc6 23. f4 g6 24. Nf6+ Kh8 25. Bxc6 Nxc6 26. Qg2 Bg7 27. Ng4 Qd7
28. Ne5 Nxe5 29. dxe5 Qd3 30. Rxc8 Rxc8 31. Na1 Bf8 32. h4 h5 33. Kh2 Bc5 34.
Re2 Rd8 35. Nc2 Kg7 36. Ne1 Qd7 37. Nf3 Qc6 38. Ng5 Qxg2+ 39. Kxg2 Kf8 40. Rc2
a5 41. b4 axb4 42. axb4 Bxb4 43. Rc7 Be7 44. Rb7 Bxg5 45. hxg5 Rd2+ 46. Kf3 Rb2
47. Rb8+ Kg7 48. Rb7 b5 49. Rb8 b4 50. Rb7 b3 51. Rb8 Rb1 52. Kg2 b2 53. Kh2 h4
54. gxh4 Rf1 55. Rxb2 Rxf4 56. Kg3 Rf5 57. Rb5 Kf8 58. Rc5 Ke7 59. Rc7+ Kd8 60.
Rc5 Kd7 61. Kg4 Rf1 62. Kg3 Rd1 63. Ra5 Kc6 64. Ra7 Rf1 65. Ra4 Kd5 66. Ra5+
Ke4 67. Kg4 Rf4+ 68. Kg3 Kf5 69. Rc5 Rg4+ 70. Kh3 Re4 71. Rc7 Re3+ 72. Kg2 Rxe5
73. Rxf7+ Kg4 74. Rf6 Kh5 75. Kg3 Re4 76. Rf8 Rg4+ 77. Kf3 Kxh4 78. Rf6 Rxg5
79. Rxe6 Rg3+ 80. Kf2 g5 81. Re4+ Kh3 82. Re8 Rg2+ 83. Kf1 g4 84. Re3+ Kh2 85.
Re8 Rg1+ 86. Ke2 Kg2 87. Rg8 g3 88. Rg7 Rh1 89. Rg8 Rh7 90. Ke3 Rf7 91. Ra8 Kh2
92. Rh8+ Kg1 93. Rg8 g2 94. Ke2 Rf5 95. Rh8 Re5+ 96. Kd2 Kf2 97. Rf8+ Kg1 98.
Rg8 Rh5 99. Ke2 Kh2 100. Kf2 g1=Q+ 101. Rxg1 Rf5+ 0-1

[Event "Australian Reserves"]
[Site "Adelaide"]
[Date "2004.01.02"]
[Round "4.27"]
[White "Eckermann, Andrew"]
[Black "Bristina, Husein"]
[Result "0-1"]
[WhiteElo "1362"]
[BlackElo "1614"]
[PlyCount "120"]
[EventDate "2003.12.29"]
[EventType "swiss"]
[EventRounds "11"]
[EventCountry "AUS"]

1. e4 c5 2. Nf3 d6 3. d4 cxd4 4. Nxd4 Nf6 5. Nc3 a6 6. Be3 e6 7. a4 Be7 8. Bc4
Qc7 9. Bb3 Nc6 10. Nxc6 bxc6 11. a5 c5 12. O-O Bb7 13. Ba4+ Nd7 14. Qg4 O-O 15.
Bxd7 Qxd7 16. Bh6 Bf6 17. Rad1 Rfd8 18. Rfe1 e5 19. Qxd7 Rxd7 20. Be3 Bc6 21.
Nd5 Bd8 22. b4 Bxd5 23. Rxd5 cxb4 24. Red1 f6 25. Bb6 Bxb6 26. axb6 a5 27. Rxd6
Rxd6 28. Rxd6 Kf7 29. Rd7+ Kg6 30. Ra7 Rb8 31. Rxa5 Rxb6 32. g4 h5 33. h3 hxg4
34. hxg4 Kg5 35. f3 Kf4 36. Kg2 Rc6 37. Ra2 Rc3 38. Rb2 Rxf3 39. Rxb4 Rc3 40.
Rb7 Rxc2+ 41. Kf1 Kxg4 42. Rxg7+ Kf3 43. Ke1 Kxe4 44. Rg4+ Kd5 45. Ra4 f5 46.
Ra5+ Ke4 47. Ra4+ Ke3 48. Ra3+ Kf4 49. Kd1 Rh2 50. Ra4+ e4 51. Rb4 Kf3 52. Rb3+
e3 53. Ra3 f4 54. Rb3 Rh4 55. Kc2 Kf2 56. Rd3 f3 57. Kb2 e2 58. Rd2 Ke3 59. Rd8
e1=Q 60. Re8+ Kf2 0-1

[Event "Australian Reserves"]
[Site "Adelaide"]
[Date "2004.01.02"]
[Round "4.28"]
[White "Turcaj, Pavel"]
[Black "Forace, Lee"]
[Result "0-1"]
[WhiteElo "1395"]
[BlackElo "1592"]
[PlyCount "40"]
[EventDate "2003.12.29"]
[EventType "swiss"]
[EventRounds "11"]
[EventCountry "AUS"]

1. e4 c5 2. Nf3 Nc6 3. d4 cxd4 4. Nxd4 Nf6 5. Nc3 e5 6. Nxc6 bxc6 7. Bc4 Bb4 8.
Bd2 d5 9. exd5 cxd5 10. Nxd5 Nxd5 11. Bxb4 Nxb4 12. Qf3 Nxc2+ 13. Kf1 O-O 14.
Rd1 Qc7 15. Qxa8 Qxc4+ 16. Kg1 Qe2 17. Qf3 Qxf3 18. gxf3 Bh3 19. Rd3 Nd4 20.
Re3 Rc8 0-1

[Event "Australian Reserves"]
[Site "Adelaide"]
[Date "2004.01.02"]
[Round "4.30"]
[White "Escribano, Jose"]
[Black "Stewart, Clint"]
[Result "1-0"]
[WhiteElo "1573"]
[BlackElo "1270"]
[PlyCount "47"]
[EventDate "2003.12.29"]
[EventType "swiss"]
[EventRounds "11"]
[EventCountry "AUS"]

1. e4 c5 2. Nc3 Nc6 3. f4 d6 4. Nf3 Nf6 5. Bc4 e6 6. d3 Bd7 7. a3 Nd4 8. O-O b5
9. Ba2 Rb8 10. Nxd4 cxd4 11. Ne2 Qb6 12. Ng3 Bc6 13. f5 d5 14. fxe6 fxe6 15.
exd5 Bxd5 16. Bxd5 Nxd5 17. Qh5+ g6 18. Qe5 Rg8 19. Re1 Kd7 20. Rf1 Bd6 21.
Rf7+ Ne7 22. Qg5 Rbc8 23. Ne4 Rgf8 24. Nxd6 1-0

[Event "Australian Reserves"]
[Site "Adelaide"]
[Date "2004.01.02"]
[Round "4.31"]
[White "Dickson, Ian C"]
[Black "Cooke, Tristrom P"]
[Result "0-1"]
[WhiteElo "1667"]
[BlackElo "1486"]
[Annotator "Wedding,Robin"]
[PlyCount "52"]
[EventDate "2003.12.29"]
[EventType "swiss"]
[EventRounds "11"]
[EventCountry "AUS"]

1. e4 e5 2. Bc4 Nc6 3. d4 exd4 4. Nf3 Bc5 5. c3 dxc3 6. Nxc3 d6 7. O-O Nf6 8.
e5 Nxe5 9. Nxe5 dxe5 10. Qxd8+ Kxd8 11. Bxf7 Ke7 12. Bb3 Be6 13. Bc2 c6 14. Bg5
Kf7 15. Rae1 Bc4 16. Ne2 Bxa2 17. b3 Nd5 18. Ra1 Nb4 19. Rfc1 Bd4 20. Nxd4 exd4
21. Bd1 Rhe8 22. Bd2 a5 23. Kf1 Red8 24. Bxb4 axb4 25. Rc4 Bxb3 26. Rxa8 (26.
Bxb3 Rxa1+ 27. Rc1+ Kf6 28. Rxa1 $17) 26... Bxc4+ 0-1

[Event "Australian Reserves"]
[Site "Adelaide"]
[Date "2004.01.02"]
[Round "4.34"]
[White "Clark, Domenic"]
[Black "Schilter, David"]
[Result "1-0"]
[WhiteElo "1636"]
[BlackElo "1590"]
[PlyCount "57"]
[EventDate "2003.12.29"]
[EventType "swiss"]
[EventRounds "11"]
[EventCountry "AUS"]

1. c4 Nf6 2. g3 e6 3. Bg2 d5 4. d4 dxc4 5. Qa4+ Nbd7 6. Nd2 a6 7. Nxc4 c5 8.
Bf4 cxd4 9. Rd1 b5 10. Qc2 Bb4+ 11. Nd2 Nd5 12. Bxd5 exd5 13. Ngf3 Bb7 14. Nxd4
Rc8 15. Qb3 Qe7 16. O-O O-O 17. N2f3 Rc4 18. a3 Ba5 19. Nf5 Qf6 20. Nd6 Nc5 21.
Qe3 Bc6 22. Nxc4 d4 23. Rxd4 Bxf3 24. exf3 bxc4 25. Rxc4 Ne6 26. b4 Nxf4 27.
Rxf4 Bb6 28. Rxf6 Bxe3 29. Rxa6 1-0

[Event "Australian Reserves"]
[Site "Adelaide"]
[Date "2004.01.03"]
[Round "5.1"]
[White "Hare, Tim"]
[Black "Cowley, Robert G"]
[Result "0-1"]
[WhiteElo "1915"]
[BlackElo "2022"]
[PlyCount "74"]
[EventDate "2003.12.29"]
[EventType "swiss"]
[EventRounds "11"]
[EventCountry "AUS"]

1. g3 d5 2. f4 g6 3. Bg2 Bg7 4. Nf3 d4 5. d3 Nc6 6. c3 Nh6 7. e4 dxe3 8. Bxe3
O-O 9. O-O Nf5 10. Qe2 e5 11. fxe5 Nxe5 12. Nxe5 Bxe5 13. Bf4 Bxf4 14. Rxf4 c6
15. d4 Be6 16. Nd2 Bd5 17. Ne4 Re8 18. Qf2 Bxe4 19. Bxe4 Nd6 20. Bc2 f5 21. Rf1
Qe7 22. g4 g5 23. Rxf5 Nxf5 24. Qxf5 Rf8 25. Qe5 Qxe5 26. dxe5 Rxf1+ 27. Kxf1
Kf7 28. Bf5 Re8 29. e6+ Kf6 30. Ke2 Rd8 31. Ke1 h5 32. h3 h4 33. Ke2 c5 34. Ke3
Rd1 35. Ke4 b6 36. a3 Rh1 37. b4 Rxh3 0-1

[Event "Australian Reserves"]
[Site "Adelaide"]
[Date "2004.01.03"]
[Round "5.2"]
[White "Lip, Michael"]
[Black "Dragicevic, Domagoj"]
[Result "1/2-1/2"]
[WhiteElo "1964"]
[BlackElo "1895"]
[PlyCount "39"]
[EventDate "2003.12.29"]
[EventType "swiss"]
[EventRounds "11"]
[EventCountry "AUS"]

1. Nf3 Nf6 2. d4 e6 3. g3 c5 4. Bg2 Nc6 5. O-O d5 6. c4 Be7 7. cxd5 exd5 8. Nc3
O-O 9. b3 Ne4 10. Bb2 Bf6 11. e3 Bg4 12. Ne2 Re8 13. h3 Bxf3 14. Bxf3 Ng5 15.
Bg2 Ne6 16. Qd2 cxd4 17. Nxd4 Nexd4 18. Bxd4 Nxd4 19. exd4 Qb6 20. Rad1 1/2-1/2

[Event "Australian Reserves"]
[Site "Adelaide"]
[Date "2004.01.03"]
[Round "5.3"]
[White "Pyke, Malcolm L"]
[Black "Dizdarevic, Mehmedalija"]
[Result "0-1"]
[WhiteElo "1914"]
[BlackElo "1917"]
[PlyCount "66"]
[EventDate "2003.12.29"]
[EventType "swiss"]
[EventRounds "11"]
[EventCountry "AUS"]

1. d4 Nf6 2. c4 g6 3. g3 Bg7 4. Bg2 d6 5. Nc3 c6 6. Nf3 O-O 7. O-O Qa5 8. h3
Nbd7 9. Qc2 e5 10. Be3 Re8 11. dxe5 dxe5 12. a3 Nf8 13. b4 Qc7 14. c5 Bf5 15.
Qb3 Be6 16. Qc2 Nd5 17. Nxd5 cxd5 18. Qd2 f6 19. Bh6 Rad8 20. Bxg7 Kxg7 21.
Rfd1 h6 22. Rac1 Nd7 23. Qb2 Bf7 24. Ne1 e4 25. Nc2 Ne5 26. Ne3 Qe7 27. g4 Kh7
28. b5 f5 29. gxf5 gxf5 30. Qc2 Qg5 31. c6 bxc6 32. bxc6 Rc8 33. c7 Rg8 0-1

[Event "Australian Reserves"]
[Site "Adelaide"]
[Date "2004.01.03"]
[Round "5.4"]
[White "Harp, Joel"]
[Black "Malik, Hani"]
[Result "1-0"]
[WhiteElo "1845"]
[BlackElo "1946"]
[PlyCount "91"]
[EventDate "2003.12.29"]
[EventType "swiss"]
[EventRounds "11"]
[EventCountry "AUS"]

1. d4 Nf6 2. c4 e6 3. Nc3 Bb4 4. Qc2 O-O 5. Bg5 d6 6. e3 Nbd7 7. Bd3 Qe8 8.
Nge2 c6 9. a3 Ba5 10. b4 Bc7 11. e4 e5 12. d5 h6 13. Bd2 c5 14. O-O Qe7 15. Ng3
a6 16. Nf5 Qd8 17. Ne2 Kh7 18. Neg3 Ng8 19. Qc1 b6 20. Nxg7 Kxg7 21. Nf5+ Kh7
22. Bxh6 Qf6 23. Bxf8 Nxf8 24. Qc2 Bxf5 25. exf5 Nh6 26. Rae1 Nd7 27. Re3 Rg8
28. Rh3 Kg7 29. Rg3+ Kf8 30. Rxg8+ Nxg8 31. Re1 a5 32. Qa4 Ke7 33. bxa5 bxa5
34. Rb1 Qg5 35. Rb7 e4 36. Rxc7 Ngf6 37. Bf1 Qc1 38. Qb3 a4 39. Qe3 Qb1 40. h3
Qb8 41. Rc6 Qb7 42. g4 Qb3 43. g5 Nh5 44. Qxe4+ Ne5 45. f6+ Kd8 46. Rxd6+ 1-0

[Event "Australian Reserves"]
[Site "Adelaide"]
[Date "2004.01.03"]
[Round "5.5"]
[White "Stead, Kerry"]
[Black "Holt, Kenneth P"]
[Result "1-0"]
[WhiteElo "1935"]
[BlackElo "1835"]
[PlyCount "109"]
[EventDate "2003.12.29"]
[EventType "swiss"]
[EventRounds "11"]
[EventCountry "AUS"]

1. d4 Nf6 2. f3 d5 3. e4 dxe4 4. Nc3 e6 5. Bg5 Bb4 6. fxe4 h6 7. Bxf6 Bxc3+ 8.
bxc3 Qxf6 9. Nf3 c5 10. e5 Qe7 11. Bd3 cxd4 12. cxd4 Qb4+ 13. Qd2 Qxd2+ 14.
Kxd2 Nc6 15. Be4 Bd7 16. Rab1 b6 17. c4 Rd8 18. Ke3 Na5 19. Rbc1 Rc8 20. Nd2
O-O 21. d5 f6 22. Kd4 Rfd8 23. exf6 gxf6 24. Rhf1 f5 25. Bf3 Be8 26. Ke5 Bf7
27. dxe6 Bxe6 28. Bd5 Bxd5 29. cxd5 Nb7 30. Rxc8 Rxc8 31. Rxf5 Re8+ 32. Kd4 Re2
33. Ne4 Rxg2 34. Rf2 Rxf2 35. Nxf2 Kf7 36. Ke5 Ke7 37. Ne4 Nc5 38. d6+ Kd8 39.
Nxc5 bxc5 40. Kd5 c4 41. Kxc4 Kd7 42. Kc5 h5 43. h4 a6 44. a3 Kd8 45. Kb6 Kd7
46. Kxa6 Kxd6 47. Kb6 Kd7 48. Kb7 Ke6 49. a4 Kf5 50. a5 Kg4 51. a6 Kxh4 52. a7
Kg3 53. a8=Q h4 54. Qa1 h3 55. Qh1 1-0

[Event "Australian Reserves"]
[Site "Adelaide"]
[Date "2004.01.03"]
[Round "5.6"]
[White "Tsagarakis, Angelo"]
[Black "Fry, Peter"]
[Result "0-1"]
[WhiteElo "1889"]
[BlackElo "1696"]
[PlyCount "48"]
[EventDate "2003.12.29"]
[EventType "swiss"]
[EventRounds "11"]
[EventCountry "AUS"]

1. d4 d5 2. Nf3 Nc6 3. Bf4 Bg4 4. e3 e6 5. Be2 Nf6 6. h3 Bh5 7. O-O Bd6 8. Ne5
Bxe2 9. Qxe2 Bxe5 10. dxe5 Nd7 11. Qg4 Kf8 12. Qg3 h6 13. Nc3 g5 14. Rad1 gxf4
15. exf4 Ne7 16. Qd3 c6 17. Ne2 h5 18. c4 Qb6 19. Nc3 Nc5 20. Qe2 Rd8 21. cxd5
cxd5 22. Nb5 Ne4 23. Nd4 Nc6 24. Nf3 Ng3 0-1

[Event "Australian Reserves"]
[Site "Adelaide"]
[Date "2004.01.03"]
[Round "5.7"]
[White "Ly, Moulthun"]
[Black "Peters, Duncan"]
[Result "1/2-1/2"]
[WhiteElo "1646"]
[BlackElo "1887"]
[PlyCount "73"]
[EventDate "2003.12.29"]
[EventType "swiss"]
[EventRounds "11"]
[EventCountry "AUS"]

1. e4 d5 2. d4 dxe4 3. Nc3 c5 4. dxc5 Qxd1+ 5. Nxd1 e5 6. Nc3 Bxc5 7. Nxe4 Be7
8. Bd2 Nf6 9. Bb5+ Nc6 10. Nxf6+ Bxf6 11. Bxc6+ bxc6 12. Bc3 O-O 13. O-O-O Bg4
14. f3 Bf5 15. Ne2 Rad8 16. Ng3 Bg6 17. Rxd8 Rxd8 18. Rd1 Bg5+ 19. Bd2 Be7 20.
Be3 Rxd1+ 21. Kxd1 a6 22. Ne4 Bxe4 23. fxe4 g6 24. g4 Kg7 25. g5 f5 26. gxf6+
Kxf6 27. Ke2 Ke6 28. c4 Kd6 29. b4 Kc7 30. c5 a5 31. a3 axb4 32. axb4 Kb7 33.
Kd3 g5 34. Bf2 h5 35. Bg3 Bf6 36. h3 Kc7 37. Kc4 1/2-1/2

[Event "Australian Reserves"]
[Site "Adelaide"]
[Date "2004.01.03"]
[Round "5.8"]
[White "Silas, Frank"]
[Black "Flitney, Adrian"]
[Result "1-0"]
[WhiteElo "1843"]
[BlackElo "1876"]
[PlyCount "73"]
[EventDate "2003.12.29"]
[EventType "swiss"]
[EventRounds "11"]
[EventCountry "AUS"]

1. e4 d5 2. e5 c5 3. Nf3 Nc6 4. c3 Qb6 5. d4 e6 6. a3 c4 7. Nbd2 f6 8. Be2 Bd7
9. O-O O-O-O 10. b3 cxb3 11. Nxb3 fxe5 12. dxe5 Nge7 13. Be3 Qc7 14. Rb1 Nf5
15. Bc5 Bxc5 16. Nxc5 Na5 17. Na6 bxa6 18. Bxa6+ Nb7 19. Bxb7+ Qxb7 20. Rxb7
Kxb7 21. g4 Ne7 22. Nd4 Ka8 23. Qd2 Nc6 24. f4 Nxd4 25. Qxd4 Rc8 26. Qb4 Rhe8
27. Qd6 Ba4 28. Rb1 Rc6 29. Qd7 Rb6 30. Qxa4 Rxb1+ 31. Kg2 Rb2+ 32. Kg3 Rc8 33.
Kh4 Rb6 34. Qd7 Rxc3 35. f5 Rcc6 36. fxe6 Rxe6 37. Qc8+ 1-0